MARC

LEADER 00000nam0a2200000 4500
001 369911
005 20231102012229.0
035 |a (RuTPU)RU\TPU\retro\27318 
090 |a 369911 
100 |a 20220608d1979 m y0rusy50 ca 
101 0 |a rus 
102 |a RU 
105 |a a j 001zy 
200 1 |a Монтаж, наладка и эксплуатация систем автоматики  |e учебное пособие для техникумов  |f А. Е. Домашин, В. А. Батицкий 
210 |a Москва  |c Недра  |d 1979 
215 |a 248 с.  |c ил. 
320 |a Библиогр.: с. 243-344 
606 1 |a Автоматические системы регулирования  |x Монтаж  |2 stltpush  |3 (RuTPU)RU\TPU\subj\779  |9 29585 
610 1 |a учебные пособия 
610 1 |a наладка 
610 1 |a эксплуатация 
610 1 |a монтажно-сборочные работы 
610 1 |a материалы 
610 1 |a приспособления 
610 1 |a пусконаладочные работы 
610 1 |a испытательная аппаратура 
610 1 |a автоматизация 
610 1 |a подъемные установки 
610 1 |a диспетчерское управление 
610 1 |a погрузочно-разгрузочные работы 
675 |a 681.51.002.72(075.3)  |v 4 
700 1 |a Домашин  |b А. Е.  |g Александр Евгеньевич 
701 1 |a Батицкий  |b В. А.  |g Владимир Александрович 
801 1 |a RU  |b 63413507  |c 20220608 
942 |c BK